-
Frazer, Lyn M. Ormintor, Aillen
Entry Personal Name
Number of records used in: 1
001 - CONTROL NUMBER
003 - CONTROL NUMBER IDENTIFIER
005 - DATE AND TIME OF LATEST TRANSACTION
- control field:
20160512170854.0
008 - FIXED-LENGTH DATA ELEMENTS
- fixed length control field:
160512|| aca||aabn | a|a d
040 ## - CATALOGING SOURCE
- Original cataloging agency:
OSt
- Transcribing agency:
OSt
100 ## - HEADING--PERSONAL NAME
- Personal name:
Frazer, Lyn M. Ormintor, Aillen
670 ## - SOURCE DATA FOUND
- Source citation:
Work cat.: (OSt): Frazer, Lyn M. Ormintor, Aillen, Understanding Financial Statements, 2001